Gaming Quiz

Random Gaming Quiz

Mass Effect 3 Companions Quiz Stats

 Plays Quiz not verified by Sporcle

Support Sporcle.
Go Orange.
Score 0/7 Timer 02:00
0 Plays Today
First Mission/Recruited at... Companion % Correct
PalavenGarrus Vakarian
96.9%
NormandyEDI
96.6%
MarsDr Liara T'Soni
95.1%
NormandyAdmiral Tali Zorah vas Normandy
94.4%
MarsMajor Kaidan Alenko/Lieutenant Commander Ashley Williams
94.3%
MarsLieutenant James Vega
91.8%
Eden Prime (DLC)Javik
75.6%

You're not logged in!

Compare scores with friends on all Sporcle quizzes.
OR
Log In

From the Vault

25 Things We Learned in 2018

by sufradley

If you Sporcle every day, you probably learned more than 25 things.
Remove Ads.
Support Sporcle.
Get the best of Sporcle when you Go Orange. This ad-free experience offers more features, more stats, and more fun while also helping to support Sporcle. Thank you for becoming a member.

Show Comments

Extras

Created Mar 14, 2012ReportNominate
Tags:Mass Effect

Top Quizzes Today


Score Distribution

Your Account Isn't Verified!

In order to create a playlist on Sporcle, you need to verify the email address you used during registration. Go to your Sporcle Settings to finish the process.

Report this User

Report this user for behavior that violates our Community Guidelines.

Details: